000 00643nmm a2200253 a 4500
003 AR-BaBNM
005 20251128203008.0
008 177019s1954 ||||||||||||||000 | spa||
040 _cAR-BaBNM
100 1 _aMezzera Alvarez, Rodolfo
245 1 0 _aCurso de derecho marítimo
250 _a2ª ed.
260 _aMontevideo
_bOrganización Medina
_c1954
300 0 _a542 p.
500 0 _aIndice sistemático p. 9-23
650 4 _aDERECHO MARITIMO
650 4 _aBUQUES
650 4 _aSEGUROS
650 4 _aRESPONSABILIDAD LEGAL
650 4 _aNAVEGACION MARITIMA
650 4 _aTRANSPORTE MARITIMO
942 _cBK
998 _cAndrea
999 _c1425
_d1425